[Event "Bad Woerishofen 2017 - Senioren"]
[Site "Bad Woerishofen"]
[Date "2017.03.15"]
[Round "3.27"]
[White "Ganslmayer, Anton"]
[Black "Wulf, Adalbert"]
[Result "1/2-1/2"]
[WhiteElo "2046"]
[BlackElo "1840"]
[Annotator "chessorg"]
[PlyCount "96"]
[EventDate "2017.??.??"]
[WhiteTeam "SC Eichenau"]
[BlackTeam "SV Ennigerloh-Oelde"]

1. Nf3 Nf6 2. d4 d6 3. Bf4 Nbd7 4. e3 g6 5. Nbd2 Bg7 6. Bd3 O-O 7. h3 c5 8. c3
cxd4 9. exd4 e5 10. Be3 Re8 11. dxe5 dxe5 12. Ne4 Qc7 13. O-O Nxe4 14. Bxe4 Nf6
15. Bc2 Be6 16. Qc1 Nd5 17. Re1 Rac8 18. Bb3 Nf4 19. Bxf4 Bxb3 20. Bxe5 Bxe5
21. axb3 Bf4 22. Qc2 a6 23. Re2 Rxe2 24. Qxe2 Qb6 25. b4 Rd8 26. Rd1 Rd6 27.
Rxd6 Qxd6 28. g3 Bh6 29. Kg2 Qc6 30. Qd3 Bf8 31. Qe3 h5 32. Kh2 Bh6 33. Qxh6
Qxf3 34. Qe3 Qc6 35. b3 b5 36. h4 Kf8 37. Qd3 Ke7 38. f3 f5 39. Kg2 Qf6 40. Kf2
Qc6 41. Qd4 Ke8 42. Ke2 Kf7 43. c4 Qc7 44. f4 Qe7+ 45. Kd3 Qxb4 46. Qd5+ Ke7
47. c5 Qa3 48. c6 Qd6 1/2-1/2

[Event "Bad Woerishofen 2017 - Senioren"]
[Site "Bad Woerishofen"]
[Date "2017.03.12"]
[Round "3.28"]
[White "Sand, Rolf"]
[Black "Urban, Rudolf"]
[Result "1/2-1/2"]
[WhiteElo "2041"]
[BlackElo "1833"]
[Annotator "chessorg"]
[PlyCount "43"]
[EventDate "2017.??.??"]
[BlackTeam "Roter Turm Altstadt Muenchen"]

1. c4 e5 2. g3 Nf6 3. Bg2 d5 4. cxd5 Nxd5 5. Nf3 Nc6 6. O-O Be7 7. d4 exd4 8.
Nxd4 Nxd4 9. Qxd4 Nf6 10. Qa4+ Qd7 11. Qb3 c6 12. Nc3 O-O 13. Rd1 Qc7 14. Bf4
Qb6 15. Qxb6 axb6 16. h3 Be6 17. e4 Rfd8 18. Bc7 Rxd1+ 19. Rxd1 b5 20. a3 b4
21. axb4 Bxb4 22. Rd8+ 1/2-1/2

[Event "Bad Woerishofen 2017 - Senioren"]
[Site "Bad Woerishofen"]
[Date "2017.03.15"]
[Round "3.29"]
[White "Schneider, Alexander"]
[Black "Knischka, Walter"]
[Result "1-0"]
[WhiteElo "2029"]
[BlackElo "1831"]
[Annotator "chessorg"]
[PlyCount "143"]
[EventDate "2017.??.??"]
[WhiteTeam "Schachclub  WHV von 1887 e.V."]
[BlackTeam "SK Oberguenzburg"]

1. c4 g6 2. d4 Bg7 3. Nc3 d6 4. e4 a6 5. Nf3 Bg4 6. Be2 c5 7. Be3 cxd4 8. Bxd4
Bxd4 9. Qxd4 Nf6 10. Nd5 Nbd7 11. O-O O-O 12. Nxf6+ Nxf6 13. e5 dxe5 14. Qxe5
Rc8 15. b3 Qc7 16. Qb2 Rfd8 17. h3 Bf5 18. Rfd1 Rxd1+ 19. Rxd1 Rd8 20. Rxd8+
Qxd8 21. Nd2 Qc7 22. Qd4 Qd7 23. Qxd7 Bxd7 24. Bf3 Bc8 25. c5 Ne8 26. Nc4 Nc7
27. Nb6 Bf5 28. Bxb7 Bb1 29. a3 f5 30. Nd5 Be4 31. Nxe7+ Kf7 32. Bxe4 fxe4 33.
Nc8 Ke8 34. Nb6 Kd8 35. b4 Nb5 36. a4 Nc3 37. Kf1 Kc7 38. Ke1 Kc6 39. Kd2 Na2
40. b5+ axb5 41. axb5+ Kxb5 42. Nd7 Nb4 43. Ke3 Kc6 44. Nf8 Kxc5 45. Kxe4 Kd6
46. Nxh7 Ke6 47. f4 Nc2 48. g4 Ne1 49. Nf8+ Kf7 50. Nd7 Ke6 51. Ne5 Kf6 52. g5+
Kg7 53. f5 gxf5+ 54. Kxf5 Ng2 55. Kg4 Ne3+ 56. Kf3 Nf5 57. Kf4 Ne7 58. h4 Kh7
59. h5 Kg7 60. Kg4 Kh7 61. Nf7 Kg7 62. Nh6 Nd5 63. Nf5+ Kg8 64. g6 Nf6+ 65. Kg5
Ne4+ 66. Kh6 Nf6 67. Kg5 Ne4+ 68. Kf4 Nf6 69. h6 Kh8 70. Ke5 Ng4+ 71. Ke6 Kg8
72. Ne7+ 1-0

[Event "Bad Woerishofen 2017 - Senioren"]
[Site "Bad Woerishofen"]
[Date "2017.03.15"]
[Round "3.30"]
[White "Rueggeberg, Wilhelm"]
[Black "Nordby, Bernt"]
[Result "0-1"]
[WhiteElo "1845"]
[BlackElo "2015"]
[Annotator "chessorg"]
[PlyCount "122"]
[EventDate "2017.??.??"]
[WhiteTeam "Sfr.Saarburg-Trier"]
[BlackTeam "Fredrikstad SS"]

1. d4 Nf6 2. c4 g6 3. Nc3 Bg7 4. Nf3 O-O 5. e4 d6 6. Be2 e5 7. Bg5 Qe8 8. dxe5
dxe5 9. Qc1 c6 10. O-O Nbd7 11. Bh6 a5 12. Bxg7 Kxg7 13. Qc2 Nc5 14. b3 Qe7 15.
Rad1 Nh5 16. Qd2 Nf4 17. Rfe1 f6 18. Qd6 Kf7 19. h3 Qxd6 20. Rxd6 Ke7 21. Rd2
Be6 22. Bf1 Rad8 23. Red1 Rxd2 24. Rxd2 g5 25. Kh2 h5 26. g3 Ng6 27. Ne1 h4 28.
g4 Nf4 29. Ng2 Nxg2 30. Kxg2 Ra8 31. f3 Ra6 32. Kf2 Rb6 33. Rb2 Rb4 34. Nd1 a4
35. a3 Rxb3 36. Rxb3 axb3 37. Nb2 Kd6 38. Ke3 Bd7 39. Kd2 Ne6 40. Na4 Nc5 41.
Nb2 b5 42. cxb5 cxb5 43. Kc3 Kc6 44. Kb4 Kb6 45. Be2 Na4 46. Kxb3 Nxb2 47. Kxb2
Ka5 48. Bd1 b4 49. axb4+ Kxb4 50. Be2 Ba4 51. Kc1 Kc3 52. Bf1 Bb3 53. Bb5 Bc2
54. Bf1 Bd3 55. Bg2 Be2 56. Bh1 Kd3 57. Bg2 Ke3 58. Bh1 Bxf3 59. Bxf3 Kxf3 60.
Kd1 Kxe4 61. Ke2 Kf4 0-1

[Event "Bad Woerishofen 2017 - Senioren"]
[Site "Bad Woerishofen"]
[Date "2017.03.15"]
[Round "3.31"]
[White "Harsch, Martin"]
[Black "Zwetz, Anita"]
[Result "1/2-1/2"]
[WhiteElo "2014"]
[BlackElo "1813"]
[Annotator "chessorg"]
[PlyCount "61"]
[EventDate "2017.??.??"]
[WhiteTeam "Saanenland"]
[BlackTeam "TSV Kareth-Lappersdorf"]

1. e4 e6 2. d4 d5 3. Nd2 c5 4. exd5 exd5 5. Ngf3 Bd6 6. dxc5 Bxc5 7. Bd3 Nf6 8.
O-O O-O 9. Nb3 Bb6 10. Bg5 Nc6 11. c3 Qd6 12. Qc2 h6 13. Bh4 Nh5 14. Nbd4 Nxd4
15. Nxd4 Bxd4 16. cxd4 g5 17. Bg3 Nxg3 18. hxg3 Be6 19. Rfe1 Rac8 20. Qe2 Rce8
21. Qd2 Bd7 22. Rac1 Rxe1+ 23. Rxe1 Re8 24. Rxe8+ Bxe8 25. Bc2 Qe7 26. Qd3 Qf6
27. Bb3 Bc6 28. f3 Qe6 29. Kf2 a6 30. Qe3 Qxe3+ 31. Kxe3 1/2-1/2

[Event "Bad Woerishofen 2017 - Senioren"]
[Site "Bad Woerishofen"]
[Date "2017.03.15"]
[Round "3.32"]
[White "Scholz, Herbert"]
[Black "Walther, Reinhard"]
[Result "1/2-1/2"]
[WhiteElo "1838"]
[BlackElo "2008"]
[Annotator "chessorg"]
[PlyCount "76"]
[EventDate "2017.??.??"]
[WhiteTeam "Post SV Neustadt"]
[BlackTeam "SK 1911 Herzogenaurach e.V."]

1. b3 e5 2. Bb2 Nc6 3. e3 Nf6 4. Bb5 d6 5. d4 exd4 6. exd4 Bd7 7. Nf3 a6 8. Be2
d5 9. O-O Be7 10. c4 h6 11. Nc3 Be6 12. Ne5 Bd6 13. Nxc6 bxc6 14. f4 O-O 15. c5
Be7 16. g4 Nh7 17. Bd3 Re8 18. Qc2 Nf8 19. f5 Bd7 20. Rae1 Bf6 21. Ne2 Bh4 22.
Ng3 Qg5 23. Qd1 Rxe1 24. Rxe1 Qf4 25. Rf1 Qe3+ 26. Kg2 Qe7 27. Re1 Qd8 28. Qf3
Nh7 29. Bc1 Bf6 30. Qf2 Bg5 31. Bf4 Kf8 32. Qf3 Rc8 33. Re2 Bxf4 34. Qxf4 a5
35. Nh5 Qg5 36. Kg3 Nf6 37. Qxg5 hxg5 38. Nxf6 gxf6 1/2-1/2

[Event "Bad Woerishofen 2017 - Senioren"]
[Site "Bad Woerishofen"]
[Date "2017.03.15"]
[Round "3.33"]
[White "Spurga, Josef"]
[Black "Niedermaier, Peter"]
[Result "1/2-1/2"]
[WhiteElo "2007"]
[BlackElo "1808"]
[Annotator "chessorg"]
[PlyCount "72"]
[EventDate "2017.??.??"]
[WhiteTeam "VfL Sindelfingen"]
[BlackTeam "SU Ebersberg-Grafing"]

1. d4 Nf6 2. Nf3 g6 3. c4 Bg7 4. g3 O-O 5. Nc3 d5 6. cxd5 Nxd5 7. Bg2 Nxc3 8.
bxc3 c5 9. O-O cxd4 10. cxd4 Nc6 11. Bb2 Bg4 12. e3 Qd7 13. Qb3 Rfd8 14. Ng5
Rf8 15. Rac1 Be2 16. Rfe1 Ba6 17. Ne4 Na5 18. Qb4 b6 19. Nc5 bxc5 20. Qxa5 Bb7
21. Bxb7 Qxb7 22. Ba1 cxd4 23. exd4 e6 24. Rc7 Qb6 25. Qc3 Rfd8 26. Rc1 Bxd4
27. Qf3 f5 28. R7c6 Qb7 29. Bxd4 Rxd4 30. Qe3 Re4 31. Qc3 Qb4 32. Qxb4 Rxb4 33.
Rxe6 Ra4 34. Re2 Kg7 35. Re7+ Kh6 36. h4 Rh8 1/2-1/2

[Event "Bad Woerishofen 2017 - Senioren"]
[Site "Bad Woerishofen"]
[Date "2017.03.12"]
[Round "3.34"]
[White "Maassen, Hermann"]
[Black "Krueger, Norbert"]
[Result "0-1"]
[WhiteElo "1832"]
[BlackElo "2006"]
[Annotator "chessorg"]
[PlyCount "22"]
[EventDate "2017.??.??"]
[BlackTeam "Ratinger SK"]

1. e4 c5 2. Nf3 Nf6 3. Nc3 Nc6 4. d4 d5 5. exd5 Nxd5 6. Bb5 Nxc3 7. Bxc6+ bxc6
8. bxc3 Ba6 9. Ba3 Qa5 10. Bb2 Rb8 11. Rb1 Rxb2 0-1

[Event "Bad Woerishofen 2017 - Senioren"]
[Site "Bad Woerishofen"]
[Date "2017.03.12"]
[Round "3.35"]
[White "Schmidt, Ruediger"]
[Black "Weber, Gerhard"]
[Result "1-0"]
[WhiteElo "2001"]
[BlackElo "1773"]
[Annotator "chessorg"]
[PlyCount "35"]
[EventDate "2017.??.??"]
[BlackTeam "SC Bayer Leverkusen e.V."]

1. c4 d6 2. d4 g6 3. e4 Bg7 4. Nc3 Nf6 5. f3 O-O 6. Be3 e5 7. d5 Nh5 8. Qd2 f5
9. c5 Rf7 10. cxd6 cxd6 11. Nge2 b6 12. g3 f4 13. gxf4 exf4 14. Bf2 g5 15. Nd4
g4 16. Ne6 Bxe6 17. dxe6 Re7 18. Qd5 1-0

[Event "Bad Woerishofen 2017 - Senioren"]
[Site "Bad Woerishofen"]
[Date "2017.03.12"]
[Round "3.36"]
[White "Goris, Ton"]
[Black "Auterhoff, Juergen"]
[Result "1-0"]
[WhiteElo "1992"]
[BlackElo "1749"]
[Annotator "chessorg"]
[PlyCount "49"]
[EventDate "2017.??.??"]
[BlackTeam "SC Pasing von 1948 e.V."]

1. e4 e5 2. d4 exd4 3. Qxd4 Nc6 4. Qe3 d6 5. Bd2 Nf6 6. Nc3 Be7 7. O-O-O b6 8.
f4 Bb7 9. e5 dxe5 10. fxe5 Nd5 11. Qg3 Bf8 12. Bg5 Nce7 13. Nxd5 Bxd5 14. Bb5+
c6 15. Bxc6+ Bxc6 16. Rxd8+ Rxd8 17. Nf3 h6 18. Bxe7 Kxe7 19. e6 fxe6 20. Qc7+
Bd7 21. Ne5 Ke8 22. Rd1 Be7 23. Rxd7 Bg5+ 24. Kd1 Rf8 25. Rxd8+ 1-0

[Event "Bad Woerishofen 2017 - Senioren"]
[Site "Bad Woerishofen"]
[Date "2017.03.15"]
[Round "3.37"]
[White "Plischke, Berthold"]
[Black "Collins, Alan"]
[Result "1-0"]
[WhiteElo "1987"]
[BlackElo "1717"]
[Annotator "chessorg"]
[PlyCount "43"]
[EventDate "2017.??.??"]
[WhiteTeam "SV Wesel 1928 e.V."]
[BlackTeam "Cowley"]

1. e4 d6 2. d4 Nf6 3. Nc3 c6 4. f4 Qa5 5. Bd3 e5 6. fxe5 dxe5 7. Nf3 exd4 8.
Nxd4 Qb6 9. Be2 Bb4 10. Be3 Bxc3+ 11. bxc3 Qa5 12. O-O O-O 13. Qe1 Na6 14. Nf5
Nxe4 15. Ne7+ Kh8 16. Bd3 Nf6 17. Rxf6 Qe5 18. Bd4 Qg5 19. Qe5 Qxe5 20. Bxe5
Be6 21. Rh6 f5 22. Rxe6 1-0

[Event "Bad Woerishofen 2017 - Senioren"]
[Site "Bad Woerishofen"]
[Date "2017.03.15"]
[Round "3.38"]
[White "Streiter, Manfred"]
[Black "Hager, Eberhard"]
[Result "1-0"]
[WhiteElo "1977"]
[BlackElo "1730"]
[Annotator "chessorg"]
[PlyCount "91"]
[EventDate "2017.??.??"]
[WhiteTeam "SGem Vaihingen-Rohr"]
[BlackTeam "SC Friedberg"]

1. d4 Nf6 2. Nf3 e6 3. g3 c5 4. Bg2 cxd4 5. O-O Nc6 6. Nxd4 Nxd4 7. Qxd4 Be7 8.
c4 O-O 9. Nc3 a6 10. Bf4 d6 11. Qd3 Qc7 12. Rac1 Bd7 13. Rfd1 e5 14. Bg5 Bc6
15. Bxf6 gxf6 16. Nd5 Bxd5 17. Bxd5 Rab8 18. Be4 h6 19. Bd5 Qc8 20. Qg6+ Kh8
21. Qxh6+ Kg8 22. Qg6+ Kh8 23. Qh5+ Kg7 24. Rc3 Qe8 25. Qg4+ Kh8 26. Qh5+ Kg7
27. Qf3 Rh8 28. Qg4+ Kf8 29. h4 Qa4 30. Rdd3 b5 31. Ra3 Qb4 32. Rxa6 bxc4 33.
Bxc4 f5 34. Qxf5 Qxc4 35. Rf3 f6 36. Ra7 Qf7 37. Rc3 Re8 38. Rcc7 Qh5 39. Qe6
Qf7 40. Qxd6 Rh7 41. Qd3 Qg8 42. Qf5 Rd8 43. Rxe7 Rd1+ 44. Kg2 Qd5+ 45. e4 Qc4
46. Qxf6+ 1-0

[Event "Bad Woerishofen 2017 - Senioren"]
[Site "Bad Woerishofen"]
[Date "2017.03.15"]
[Round "3.39"]
[White "Thielemann, Joachim"]
[Black "Engbrecht, Helmut"]
[Result "0-1"]
[WhiteElo "1829"]
[BlackElo "1951"]
[Annotator "chessorg"]
[PlyCount "70"]
[EventDate "2017.??.??"]
[WhiteTeam "SV Eutin"]
[BlackTeam "SV Schorndorf"]

1. e4 e5 2. Nc3 Nf6 3. d3 d5 4. Bg5 Bb4 5. Bxf6 gxf6 6. exd5 Qxd5 7. Qd2 Qc6 8.
Nge2 Bf5 9. a3 Ba5 10. Ng3 Bg6 11. Rb1 Nd7 12. b4 Bb6 13. Nce4 f5 14. b5 Qe6
15. Ng5 Qa2 16. Qc1 Ba5+ 17. Kd1 Nc5 18. Qb2 Qd5 19. Nf3 f6 20. c4 Qd6 21. Nh4
Nxd3 22. Bxd3 Qxd3+ 23. Kc1 O-O-O 24. Nf3 e4 25. Qb3 exf3 26. Qxd3 Rxd3 27.
gxf3 Rxf3 28. Rb2 Rxa3 29. f4 Ra1+ 30. Rb1 Rxb1+ 31. Kxb1 Rd8 32. Kc2 h5 33.
Ra1 Bb6 34. Ra3 h4 35. Nf1 Rd4 0-1

[Event "Bad Woerishofen 2017 - Senioren"]
[Site "Bad Woerishofen"]
[Date "2017.03.12"]
[Round "3.40"]
[White "Krotofil, Kurt"]
[Black "Kelemen, Norbert"]
[Result "1-0"]
[WhiteElo "1943"]
[BlackElo "1630"]
[Annotator "chessorg"]
[PlyCount "45"]
[EventDate "2017.??.??"]
[WhiteTeam "Niendorfer TSV 1919 SAbt"]
[BlackTeam "SC Weiße Dame Ulm e.V."]

1. d4 d5 2. c4 c6 3. Nf3 Nf6 4. Nc3 a6 5. e3 e6 6. Bd3 dxc4 7. Bxc4 Bd6 8. e4
Bb4 9. Bd3 Nbd7 10. O-O O-O 11. Qc2 Re8 12. e5 Nd5 13. Bxh7+ Kh8 14. Be4 Nxc3
15. bxc3 Be7 16. Re1 Nf8 17. Re3 g6 18. Ne1 Kg7 19. Rh3 Bg5 20. f4 f5 21. fxg5
fxe4 22. Qxe4 Nh7 23. Qh4 1-0

[Event "Bad Woerishofen 2017 - Senioren"]
[Site "Bad Woerishofen"]
[Date "2017.03.12"]
[Round "3.41"]
[White "Koenigl, Anton"]
[Black "Hartlaub, Marianne"]
[Result "1-0"]
[WhiteElo "1922"]
[BlackElo "1555"]
[Annotator "chessorg"]
[PlyCount "69"]
[EventDate "2017.??.??"]
[WhiteTeam "FC Ergolding 1932 e.V."]
[BlackTeam "SK 1982 Klingenberg e.V."]

1. e4 d6 2. d4 Nf6 3. Nc3 c6 4. h3 b5 5. a3 e6 6. Nf3 Be7 7. Bg5 O-O 8. Bd3
Nbd7 9. Qd2 Bb7 10. O-O a5 11. Ne2 Re8 12. Ng3 h6 13. Bf4 Nh7 14. c3 Ndf8 15.
Rad1 Ng6 16. Be3 Nh4 17. Nh2 Rc8 18. Qe2 Ng6 19. f4 Bf8 20. Qf2 Ne7 21. f5 exf5
22. Nxf5 Nxf5 23. Qxf5 Qf6 24. Qg4 Qe6 25. Qg3 Kh8 26. Qf2 Rc7 27. Nf3 Nf6 28.
e5 Nd5 29. Bd2 dxe5 30. Nxe5 Nf6 31. Rde1 Qb3 32. Bxh6 Rce7 33. Qh4 Kg8 34. Bg5
Nd5 35. Qh7# 1-0

[Event "Bad Woerishofen 2017 - Senioren"]
[Site "Bad Woerishofen"]
[Date "2017.03.12"]
[Round "3.42"]
[White "Zindel, Ernst"]
[Black "Dallmeier, Gerhard"]
[Result "1-0"]
[WhiteElo "1898"]
[BlackElo "1819"]
[Annotator "chessorg"]
[PlyCount "71"]
[EventDate "2017.??.??"]
[WhiteTeam "Schachklub Zug"]
[BlackTeam "SK Roland Weißenfels"]

1. e4 c5 2. Nf3 d6 3. d4 cxd4 4. Nxd4 Nf6 5. Nc3 a6 6. Rg1 e5 7. Nb3 Be6 8. g4
g6 9. Be2 Nc6 10. Be3 Qc7 11. g5 Nd7 12. Nd5 Bxd5 13. exd5 Ne7 14. Qd3 Nf5 15.
Bd2 Nc5 16. Nxc5 Qxc5 17. Bg4 Nd4 18. c3 Nf5 19. O-O-O Ne7 20. Be3 Qa5 21. Kb1
b5 22. f4 b4 23. fxe5 bxc3 24. exd6 Qb4 25. Qxc3 Qxc3 26. bxc3 Rb8+ 27. Kc2 Nf5
28. Bxf5 gxf5 29. Bf4 Kd7 30. Rgf1 Bxd6 31. Bxd6 Kxd6 32. Rxf5 Rb7 33. c4 Rc8
34. Kc3 Rbc7 35. Rf6+ Kc5 36. Rxa6 1-0

[Event "Bad Woerishofen 2017 - Senioren"]
[Site "Bad Woerishofen"]
[Date "2017.03.12"]
[Round "3.43"]
[White "Klett, Thomas"]
[Black "Rothenhagen, Siegfried"]
[Result "1-0"]
[WhiteElo "1896"]
[BlackElo "1770"]
[Annotator "chessorg"]
[PlyCount "39"]
[EventDate "2017.??.??"]
[WhiteTeam "SV Urach"]
[BlackTeam "SF Windach"]

1. c4 Nf6 2. Nc3 c5 3. Nf3 Nc6 4. g3 g6 5. Bg2 Bg7 6. O-O O-O 7. d4 cxd4 8.
Nxd4 Qb6 9. Nb3 d6 10. Be3 Qd8 11. c5 dxc5 12. Bxc5 Qxd1 13. Rfxd1 Re8 14. Nb5
Be6 15. Nc7 Bxb3 16. axb3 Rad8 17. Nxe8 Nxe8 18. Rxd8 Nxd8 19. Rxa7 e6 20. Ra8
1-0

[Event "Bad Woerishofen 2017 - Senioren"]
[Site "Bad Woerishofen"]
[Date "2017.03.15"]
[Round "3.44"]
[White "Speicher, Franz"]
[Black "Goris-Schouwstra, Adry"]
[Result "1-0"]
[WhiteElo "1886"]
[BlackElo "1752"]
[Annotator "chessorg"]
[PlyCount "91"]
[EventDate "2017.??.??"]
[WhiteTeam "Dicker Turm Esslingen"]

1. d4 d5 2. c4 e6 3. Nf3 Be7 4. g3 Nf6 5. Bg2 O-O 6. O-O Nbd7 7. Qc2 c6 8. Nbd2
Re8 9. e4 dxe4 10. Nxe4 Nxe4 11. Qxe4 Nf6 12. Qc2 h6 13. Rd1 Bd7 14. Ne5 Rc8
15. Bf4 Bf8 16. Qb3 g5 17. Be3 b6 18. Bh3 Qc7 19. Rac1 c5 20. Nxd7 Nxd7 21. d5
exd5 22. Bxd7 Qxd7 23. Rxd5 Qe7 24. Qd3 Rcd8 25. Rd1 Rxd5 26. Qxd5 Qe6 27. b3
Re7 28. Qa8 Qe4 29. Qxe4 Rxe4 30. Rd8 Re7 31. Bd2 f6 32. Bc3 Rf7 33. Kg2 Kg7
34. Kf3 Kg6 35. Ke4 f5+ 36. Kd5 h5 37. f4 h4 38. Be5 hxg3 39. hxg3 gxf4 40.
gxf4 Bg7 41. Rg8 Kh6 42. Rxg7 Rxg7 43. Bxg7+ Kxg7 44. Ke6 Kg6 45. Ke5 a6 46. a4
1-0

[Event "Bad Woerishofen 2017 - Senioren"]
[Site "Bad Woerishofen"]
[Date "2017.03.12"]
[Round "3.45"]
[White "Richter, Stefan"]
[Black "Braeu, Ludwig"]
[Result "0-1"]
[WhiteElo "1671"]
[BlackElo "1878"]
[Annotator "chessorg"]
[PlyCount "86"]
[EventDate "2017.??.??"]
[WhiteTeam "Elstertal langenberg"]
[BlackTeam "Markt Oberdorf"]

1. e4 c5 2. Nf3 Nc6 3. Bc4 e6 4. Nc3 d6 5. d3 Nf6 6. a3 Be7 7. Ba2 O-O 8. Ng5
d5 9. exd5 exd5 10. O-O Nd4 11. Be3 h6 12. Nf3 Nxf3+ 13. Qxf3 d4 14. Bd2 dxc3
15. bxc3 Rb8 16. Qg3 Bd6 17. Qg6 Kh8 18. Bxh6 gxh6 19. Qxh6+ Nh7 20. Bd5 Qf6
21. Qh5 Qe5 22. Qxe5+ Bxe5 23. Rae1 Bf6 24. c4 b6 25. Re3 Bb7 26. Rfe1 Bxd5 27.
cxd5 Rfd8 28. c4 Kg8 29. Rg3+ Kf8 30. Rh3 Re8 31. Rxe8+ Rxe8 32. Kf1 Bc3 33. f4
Nf6 34. Rh8+ Kg7 35. Rxe8 Nxe8 36. g4 f5 37. h3 Bd2 38. g5 Bxf4 39. h4 Bg3 40.
h5 Bf4 41. g6 Kh6 42. Kf2 Kxh5 43. Kf3 Be5 0-1

[Event "Bad Woerishofen 2017 - Senioren"]
[Site "Bad Woerishofen"]
[Date "2017.03.12"]
[Round "3.46"]
[White "Lachat, Martin"]
[Black "Gundersen, Helge"]
[Result "0-1"]
[WhiteElo "1642"]
[BlackElo "2134"]
[Annotator "chessorg"]
[PlyCount "36"]
[EventDate "2017.??.??"]
[WhiteTeam "ASK Réti Zuerich"]

1. c4 e5 2. Nc3 Nc6 3. Nf3 f5 4. e4 fxe4 5. Nxe4 Nf6 6. d3 Bb4+ 7. Bd2 Bxd2+ 8.
Qxd2 d6 9. Be2 O-O 10. O-O Bg4 11. Rad1 Nh5 12. Nfg5 Bxe2 13. Qxe2 Nf4 14. Qg4
Nd4 15. g3 h6 16. gxf4 Rxf4 17. Qg2 hxg5 18. Nxg5 Qxg5 0-1

[Event "Bad Woerishofen 2017 - Senioren"]
[Site "Bad Woerishofen"]
[Date "2017.03.15"]
[Round "3.47"]
[White "Reimann, Guenther"]
[Black "Koch, Dieter"]
[Result "1-0"]
[WhiteElo "1873"]
[BlackElo "1725"]
[Annotator "chessorg"]
[PlyCount "105"]
[EventDate "2017.??.??"]
[WhiteTeam "SC Magstadt"]
[BlackTeam "SC Ammersee"]

1. c4 c6 2. d3 e5 3. Nf3 d6 4. g3 f5 5. Nc3 Nf6 6. Qc2 Be7 7. Bg2 O-O 8. O-O
Qe8 9. Re1 Na6 10. a3 Qh5 11. Bg5 h6 12. Bxf6 Rxf6 13. b4 f4 14. Ne4 Rf7 15.
Ned2 Bg4 16. Nf1 Raf8 17. Kh1 Nc7 18. Ng1 Ne6 19. f3 Bf5 20. g4 Qh4 21. gxf5
Nd4 22. Qa2 Rxf5 23. e4 Rh5 24. c5+ Kh8 25. cxd6 Bxd6 26. Rac1 Rg5 27. Ne2 Rf6
28. Nxd4 exd4 29. Re2 Rfg6 30. Qd2 Bb8 31. Qe1 Qh5 32. Nd2 b5 33. Rc5 Re6 34.
Qc1 Qe8 35. Bh3 Rf6 36. Rg2 Qh5 37. Rgxg5 hxg5 38. Bg4 Qh4 39. Qg1 Bc7 40. Rf5
Bb6 41. e5 Rxf5 42. Bxf5 c5 43. e6 Kg8 44. Ne4 c4 45. Nxg5 Bd8 46. Nf7 Bf6 47.
dxc4 bxc4 48. Nd6 c3 49. Be4 g5 50. Bd5 Kf8 51. Nf5 g4 52. Nxh4 d3 53. Qc5+ 1-0

[Event "Bad Woerishofen 2017 - Senioren"]
[Site "Bad Woerishofen"]
[Date "2017.03.15"]
[Round "3.48"]
[White "Reichwald, Klaus"]
[Black "Hauke, Hans"]
[Result "1/2-1/2"]
[WhiteElo "1834"]
[BlackElo "1702"]
[Annotator "chessorg"]
[PlyCount "43"]
[EventDate "2017.??.??"]
[WhiteTeam "SC Lohhof 1950 e.V."]

1. e4 d5 2. exd5 Nf6 3. d4 Nxd5 4. c4 Nf6 5. Nf3 c5 6. d5 e6 7. Nc3 exd5 8.
cxd5 Bd6 9. Bd3 O-O 10. O-O Re8 11. Bg5 Nbd7 12. Qc2 h6 13. Bh4 Ne5 14. Nxe5
Bxe5 15. Bc4 a6 16. a4 Qd6 17. Bg3 Bxg3 18. fxg3 Qe5 19. Qd2 Bd7 20. Rae1 Qd4+
21. Qxd4 cxd4 22. Ne2 1/2-1/2

[Event "Bad Woerishofen 2017 - Senioren"]
[Site "Bad Woerishofen"]
[Date "2017.03.15"]
[Round "3.49"]
[White "Narr, Irmgard"]
[Black "Wenske, Hardy"]
[Result "1/2-1/2"]
[WhiteElo "1694"]
[BlackElo "1814"]
[Annotator "chessorg"]
[PlyCount "93"]
[EventDate "2017.??.??"]
[WhiteTeam "SC Muehlh.-R.Nuernberg"]
[BlackTeam "Kieler SG von 1884"]

1. e4 c6 2. Bc4 e6 3. Nf3 d5 4. exd5 exd5 5. Bb3 Qe7+ 6. Qe2 Qxe2+ 7. Kxe2 Bd6
8. Re1 Ne7 9. h3 O-O 10. Kf1 h6 11. d4 Be6 12. c3 Nd7 13. Be3 Bf5 14. Nbd2 Rfe8
15. Kg1 Ng6 16. Rad1 b5 17. a3 Re7 18. Ba2 Rae8 19. Bb1 Bxb1 20. Rxb1 a5 21. b4
a4 22. Nf1 Nf6 23. g3 Nd7 24. Kg2 Nb6 25. N1d2 Re6 26. h4 Ne7 27. Ne5 f6 28.
Nd3 Nf5 29. Kf3 Bxg3 30. fxg3 Nxe3 31. Nf4 R6e7 32. Ng6 Re6 33. Nf4 Nec4 34.
Red1 Nxd2+ 35. Rxd2 Re3+ 36. Kf2 Rxc3 37. Rd3 Rxd3 38. Nxd3 Nc4 39. Ra1 Re3 40.
Nc5 Rxa3 41. Re1 Ra2+ 42. Kf3 Nd2+ 43. Kf4 Kf7 44. Re6 Rb2 45. Rxc6 Rxb4 46.
Rc7+ Ke8 47. Ne6 1/2-1/2

[Event "Bad Woerishofen 2017 - Senioren"]
[Site "Bad Woerishofen"]
[Date "2017.03.15"]
[Round "3.51"]
[White "Huhn, Ulrich"]
[Black "Schulz, Franz"]
[Result "1-0"]
[WhiteElo "1808"]
[BlackElo "1629"]
[Annotator "chessorg"]
[PlyCount "95"]
[EventDate "2017.??.??"]
[WhiteTeam "SF Siemensstadt"]
[BlackTeam "SV Ebersbach"]

1. d4 Nf6 2. Nc3 d5 3. Bg5 e6 4. e4 Be7 5. exd5 exd5 6. Nf3 c6 7. Bd3 Bg4 8. h3
Bxf3 9. Qxf3 Nbd7 10. O-O O-O 11. Rfe1 Re8 12. Re2 Bd6 13. Rae1 Rxe2 14. Rxe2
h6 15. Bf4 Bxf4 16. Qxf4 Rc8 17. Nd1 Qc7 18. Qxc7 Rxc7 19. Bf5 Kf8 20. Ne3 g6
21. Bd3 h5 22. c3 a5 23. b3 b5 24. Rb2 Nb6 25. f3 Re7 26. Kf2 Nfd7 27. c4 b4
28. cxd5 cxd5 29. Rc2 Re6 30. Rc7 Ke8 31. Ra7 a4 32. bxa4 Kd8 33. Bb5 Rd6 34.
a5 Nc4 35. Rxd7+ Rxd7 36. Bxd7 Kxd7 37. Nxd5 Nxa5 38. Nxb4 Kd6 39. Ke2 f5 40.
Kd3 g5 41. g4 hxg4 42. hxg4 f4 43. Ke4 Nc4 44. Kd3 Na5 45. a4 Ke6 46. Kc3 Kd6
47. Nd3 Kd5 48. Ne5 1-0

[Event "Bad Woerishofen 2017 - Senioren"]
[Site "Bad Woerishofen"]
[Date "2017.03.15"]
[Round "3.52"]
[White "Bjorgvik, Jan Arne"]
[Black "Grandl, Klaus"]
[Result "1-0"]
[WhiteElo "1779"]
[BlackElo "1576"]
[Annotator "chessorg"]
[PlyCount "81"]
[EventDate "2017.??.??"]
[BlackTeam "Sportfr.Windach e.V.1923"]

1. e4 e5 2. Nf3 d6 3. d4 Nd7 4. dxe5 dxe5 5. Bc4 h6 6. O-O Bd6 7. Nc3 Ngf6 8.
h3 Nc5 9. a3 O-O 10. Re1 Be6 11. Qe2 Qe7 12. b4 Bxc4 13. Qxc4 Ne6 14. Nh4 Kh7
15. Nf5 Qe8 16. Nd5 Nxd5 17. exd5 Ng5 18. h4 Nh3+ 19. gxh3 f6 20. Qe4 Kh8 21.
Qg4 Rg8 22. Re3 Qf7 23. c4 b6 24. Rg3 Bf8 25. h5 a5 26. b5 Rd8 27. Qg6 Qxg6 28.
Rxg6 Rd7 29. a4 Kh7 30. Kh2 Bc5 31. f3 Bf8 32. Ra2 Rd8 33. Rag2 Rd7 34. Bxh6
Kh8 35. Bc1 Kh7 36. h6 Kh8 37. hxg7+ Rdxg7 38. Nxg7 Rxg7 39. Rxg7 Bxg7 40. Be3
Kh7 41. d6 1-0